Vận dụng phương pháp mô phỏng lịch sử trong đo lường rủi ro tỷ giá tại các ngân hàng thương mại Việt Nam /

Đã lưu trong:
Sonraí Bibleagrafaíochta
Príomhúdar: Trần Trọng Nguyên, TS.
Formáid: Bài viết
Teanga:Vietnamese
Ábhair:
Clibeanna: Cuir Clib Leis
Gan Chlibeanna, Bí ar an gcéad duine leis an taifead seo a chlibeáil!
Thư viện lưu trữ: Thư viện Trường Đại học Đà Lạt
LEADER 00741nam a2200253 4500
001 DLU130158113
005 ##20131218
040 # # |a DLU  |b vie 
041 # # |a vie 
044 # # |a vn 
100 # # |a Trần Trọng Nguyên,   |c TS. 
245 # # |a Vận dụng phương pháp mô phỏng lịch sử trong đo lường rủi ro tỷ giá tại các ngân hàng thương mại Việt Nam /  |c Trần Trọng Nguyên. 
653 # # |a Ngân hàng thương mại 
653 # # |a Rủi ro 
653 # # |a Tỷ giá 
773 # # |t Kinh tế và phát triển  |g Số 176, 2012, tr. 41-47 
994 # # |a DLU 
900 # # |a True 
911 # # |a Hoàng Thị Huyền 
925 # # |a G 
926 # # |a A 
927 # # |a BB 
980 # # |a Thư viện Trường Đại học Đà Lạt